000 00696cam a2200253 4500
008 090401t1987 xxu||||| |||| 00| 0 eng d
020 _a0851252788
035 _a(Sirsi) u14246
041 _aeng
050 _a690
110 _aBuilding Research Establishment
245 _aInsecticidal treatments against wood-boring insects.
260 _aGarston, Watford
_bBuilding Research Establishment
_c1987
300 _a8p. : ill. ; 30cm.
350 _a0
490 _aBRE Digest
_v327
650 _aINSECT DAMAGE
650 _aINSECTICIDES
650 _aTIMBER
650 _aWOOD-BORING INSECTS
690 _aBUILT ENVIRONMENT-BUILDING PATHOLOGY
942 _n0
948 _c04/03/1997
999 _c87163
_d87163